| 000 | 01099 a2200229 4500 | ||
|---|---|---|---|
| 001 | 27472 | ||
| 005 | 20260407155549.0 | ||
| 008 | 260407a2000 arg spa d | ||
| 003 | AR-UNSa-BCEJYS | ||
| 040 |
_aAR-UNSa-BCEJYS _bspa _cAR-UNSa-BCEJYS |
||
| 080 |
_a330.34 _xDesarrollo Económico |
||
| 245 | 1 | 0 | _aEquidad, desarrollo y ciudadanía |
| 020 | _a958-682-194-3 | ||
| 250 | _a2a. ed. | ||
| 264 | 1 |
_aSantiago de Chile : _bCEPAL (Comisión Económica para América Latina y el Caribe) _c2000 |
|
| 300 |
_a3 v. _c23 cm. |
||
| 505 | _aVol. I: Visión global: 1. El legado de los años noventa - 2. Equidad, desarrollo y ciudadanía: una visión global -- Vol. II: Agenda Social: 1. Principios de la política social y lucha contra la pobreza - 2. Educación para la equidad, la competitividad y la ciudadanía - 3. Empleo: equidad e institucionalidad - 4. Reformas y equidad -- Vol. III: | ||
| 942 | _cBK | ||
| 590 | _aniveau_biblio:m niveau_hierar:0 | ||
| 100 | 1 | _aOcampo, José Antonio | |
| 856 | 4 | 1 |
_uhttps://biblioeco.unsa.edu.ar/pmb/images/libros/L117928.jpg _yImagen de portada _qimage/jpeg |
| 999 |
_c1595 _d1595 |
||